• 首页
  • 本馆介绍
  • 公告通知
  • 最新文献
  • 馆藏检索
  • 电子资源
  • 读者导购
  • 参考咨询
  • 我的图书馆
  • 登录
  • 详细信息显示
  • 放入我的书架
  • 预约/预借图书
  • 作者相关作品
  • 分类相关作品
  • 丛书相关作品
  • 出版社相关作品

书目信息

  • 表格格式
  • 工作单格式
  • 卡片格式
题名:
别墅
    
 
作者: 王炳仪 著
分册:  
出版信息: 北京   清华大学出版社  1984
页数: 245页
开本: 19cm
丛书名: 国外建筑实录
单 册:
中图分类: TU241.1-64
科图分类:
主题词: 独户住宅--建筑设计--图解
电子资源:
ISBN:
000 00668nam2 2200253 45
001 0184011485
005 20041207153151.7
010    @dCNY3.20
091    @a15235.100
100    @a19950622d1984 em y0chiy0121 ea
101 0  @achi
102    @aCN@b110000
105    @ay z 000yy
200 10 @a别墅@Abie shu@f王炳仪著@FWang Bing Yi Zhu
210    @a北京@c清华大学出版社@d1984
215    @a245页@d19cm
225    @a国外建筑实录
410    @12001 @a国外建筑实录
606 0  @a独户住宅@x建筑设计@x图解
690    @aTU241.1-64@v3
701  0 @a王炳仪@4著
801  0 @aCN@b上海图书馆@c20040514
801  2 @aCN@bNLC@c20040514
905    @dTU241.1-64@e111@f1@b134801
    
    别墅/王炳仪著.-北京:清华大学出版社,1984
    245页;19cm.-(国外建筑实录)
    
    
    ISBN :CNY3.20
    
●
相关链接 在E读中查询图书 在五车中查询图书 在当当中查询图书 在豆瓣中查询图书


正题名:别墅     索取号:TU241.1-64/111         预约/预借

序号 登录号 条形码 馆藏地/架位号 状态 备注
1 0134801   001484263   第三借阅区/ [索取号:TU241.1-64/111] 在馆    
2 0134802   001484272   第三借阅区/ [索取号:TU241.1-64/111] 在馆    
3 0134803   001484281   第二样本阅览室/ [索取号:TU241.1-64/111] 在馆    
唐山师范学院图书馆 欢迎您!
大连网信软件有限公司© 版权所有